Radziecka agresja 17 września 1939 r. i jej skutki dla mieszkańców ziem północno-wschodnich II Rzeczypospolitej. - Białystok. - 2000 [Rezension]

Titel: Radziecka agresja 17 września 1939 r. i jej skutki dla mieszkańców ziem północno-wschodnich II Rzeczypospolitej. - Białystok. - 2000 [Rezension]
Verfasser:
In: Studia Łomżyńskie, Band 12 (2001), Seite 233-234
alle Artikel anzeigen
Veröffentlicht: 2001
Format: Aufsatz
Sprache: Polnisch
Kein Bild verfügbar
X
alg: 39474596
001A    $01999:12-11-16 
001B    $01999:03-08-21 $t21:01:07.000 
001D    $01999:12-11-16 
001U    $0utf8 
001X    $00 
002@    $0Aox 
003@    $0394745965 
007A    $0394745965 $aHEB 
007T    $0Herd75137 
010@    $apol 
011@    $a2001 
021A    $aRadziecka agresja 17 września 1939 r. i jej skutki dla mieszkańców ziem północno-wschodnich II Rzeczypospolitej. - Białystok. -  2000 [Rezension] 
028A    $aGwardiak $dJanusz 
031A    $d12 $h233-234 $j2001 
039B    $aIn $8--Abvc--. Studia Łomżyńskie. - Łomża : LTN, 1989-. - ISSN 0860-7249 $x200100000120000767 $922006993X 
039T    $8--Aax--. Radziecka agresja 17 września 1939 r. i jej skutki dla mieszkańców ziem północno-wschodnich II Rzeczypospolitej. - Białystok, 2000 $9395571464 
045F    $a900.9438 $eDDC23BSB 
045F/01 $a900 
045F/03 $g438 

lok: 39474596 78

exp: 39474596 78 1 #EPN
201B/01 $018-11-16 $t12:35:59.000 
201U/01 $0utf8 
203@/01 $0791044572 
208@/01 $a12-11-16 $be 
209A/01 $a/ $f000 $x00 
220C/01 $aTitelaufnehmer: cs 
244Z/01 $2Trx $#Poola $#Lenkija $#Polija $#Polen Land $#Poland $#Lengyelország $#Poľsko $#Polsko $8--Trx--Polska$gkraj $x01 $9391345966 
244Z/01 $2Trx $#arvustused $#recenzijos $#Reviews $#recenziók $#recenzje $#recenzie $#recenze $8--Trx--Rezensionen $x02 $9391357441 
247C/01 $82080>Marburg/Lahn, Herder-Institut, Forschungsbibliothek, Bibliographieportal $9336309341
LEADER 00000caa a22000002c 4500
001 394745965
003 DE-603
005 20210803210107.0
007 tu
008 161112s2001 xx |||| | u00||u|pol c
035 |a (DE-599)HEB394745965 
040 |a DE-603  |b ger  |c DE-603  |d DE-603 
041 |a pol 
082 0 4 |8 1\u  |a 900.9438  |q DE-101  |2 23/BSB 
085 |8 1\u  |b 900 
085 |8 1\u  |z 2  |s 438 
100 1 |a Gwardiak, Janusz 
245 0 0 |a Radziecka agresja 17 września 1939 r. i jej skutki dla mieszkańców ziem północno-wschodnich II Rzeczypospolitej. - Białystok. - 2000 [Rezension] 
264 0 |c 2001 
773 0 8 |i In  |t Studia Łomżyńskie  |d Łomża : LTN, 1989-  |x 0860-7249  |g Band 12 (2001), Seite 233-234  |w (DE-603)22006993X  |w (DE-600)2535583-1 
787 0 8 |i Rezension von  |t Radziecka agresja 17 września 1939 r. i jej skutki dla mieszkańców ziem północno-wschodnich II Rzeczypospolitej  |d Białystok, 2000  |w (DE-603)395571464 
924 0 |9 2080  |a (DE-603)791044572  |b DE-2080  |c HES  |d d  |g /